[Event "Online Disabilities Olym"]
[Site "Tornelo INT"]
[Date "2020.11.24"]
[Round "4.19"]
[White "Abiad Parra, Victor"]
[Black "Selcuk, Umit"]
[Result "1-0"]
[WhiteElo "1860"]
[BlackElo "1628"]
[PlyCount "47"]
[EventDate "2020.11.21"]
[SourceTitle "The Week in Chess 1360"]
[Source "Mark Crowther"]
[SourceDate "2020.11.30"]
[SourceVersion "1"]
[SourceVersionDate "2020.11.30"]
[SourceQuality "2"]
[WhiteTeam "Venezuela"]
[BlackTeam "Turkey 3"]
[WhiteTeamCountry "VEN"]

1. e4 e5 2. Nf3 d5 3. exd5 e4 4. Qe2 Nf6 5. Nc3 Be7 6. Nxe4 O-O 7. d3 Nxd5 8.
Qd1 Re8 9. Be2 f5 10. Ng3 Bb4+ 11. Bd2 Qe7 12. O-O Bxd2 13. Qxd2 Nc6 14. Rfe1
Qd6 15. Bf1 Bd7 16. a3 Nf4 17. Rxe8+ Rxe8 18. Re1 Rxe1 19. Qxe1 Nd5 20. Qd2 Nf6
21. Ne2 Ng4 22. h3 Nf6 23. Nc3 a6 24. Qe1 1-0

[Event "Titled Tuesday 17th Nov"]
[Site "chess.com INT"]
[Date "2020.11.17"]
[Round "11"]
[White "Vokhidov, Shamsiddin"]
[Black "Mikhailovsky, Vladimir"]
[Result "1-0"]
[WhiteElo "2529"]
[BlackElo "2228"]
[PlyCount "147"]
[EventDate "2020.11.17"]
[SourceTitle "The Week in Chess 1359"]
[Source "Mark Crowther"]
[SourceDate "2020.11.23"]
[SourceVersion "1"]
[SourceVersionDate "2020.11.23"]
[SourceQuality "2"]

1. e4 e5 2. Nf3 d5 3. Nxe5 Bd6 4. d4 dxe4 5. Nc3 Bxe5 6. dxe5 Qxd1+ 7. Nxd1 Nc6
8. Bf4 Nge7 9. Nc3 Bg4 10. Nxe4 Ng6 11. Bg3 Ngxe5 12. f3 Bf5 13. O-O-O O-O 14.
Bb5 Bxe4 15. fxe4 Rac8 16. Rd5 f6 17. Rhd1 Rf7 18. c3 Kf8 19. a4 a6 20. Be2 Re8
21. h3 Rfe7 22. Bh5 g6 23. Be2 Nf7 24. Bd3 Ng5 25. Rf1 Kg7 26. Bh4 h6 27. Bc2
Ne5 28. b3 Nef7 29. Rd2 Nd6 30. e5 Rxe5 31. Bg3 R5e6 32. Bxd6 Rxd6 33. Rxd6
cxd6 34. Kd2 f5 35. a5 Kf6 36. b4 d5 37. Kd3 Ne4 38. Kd4 Rc8 39. Rf3 Ke6 40.
Bb3 Rd8 41. g4 Rd7 42. Rf1 Ng3 43. Re1+ Ne4 44. gxf5+ gxf5 45. Rf1 Kf6 46. Bc2
Rc7 47. Rf3 Nd2 48. Rxf5+ Ke6 49. Re5+ Kd6 50. Rxd5+ Ke6 51. Re5+ Kd6 52. Rh5
Nf3+ 53. Kd3 Ne5+ 54. Kd2 Nf3+ 55. Ke2 Rxc3 56. Rxh6+ Ke5 57. Bd1 Nd4+ 58. Kd2
Rg3 59. Rh7 Nc6 60. Rxb7 Rxh3 61. Rb6 Kd5 62. Be2 Nd4 63. Bxa6 Rh2+ 64. Ke3
Rh3+ 65. Kf4 Rf3+ 66. Kg4 Rb3 67. Bb7+ Ke5 68. a6 Ra3 69. b5 Ra4 70. Kg5 Ne6+
71. Rxe6+ Kxe6 72. b6 Kd6 73. a7 Kc5 74. Ba6 1-0

[Event "Titled Tuesday 17th Nov"]
[Site "chess.com INT"]
[Date "2020.11.17"]
[Round "6"]
[White "Randazzo, A."]
[Black "Skatchkov, Valery"]
[Result "1-0"]
[WhiteElo "2293"]
[BlackElo "2281"]
[PlyCount "41"]
[EventDate "2020.11.17"]
[SourceTitle "The Week in Chess 1359"]
[Source "Mark Crowther"]
[SourceDate "2020.11.23"]
[SourceVersion "1"]
[SourceVersionDate "2020.11.23"]
[SourceQuality "2"]

1. e4 e5 2. Nf3 d5 3. Nxe5 Bd6 4. d4 dxe4 5. Bc4 Bxe5 6. Qh5 Qe7 7. Qxe5 Qxe5
8. dxe5 Nc6 9. Nc3 Bf5 10. Bf4 Nge7 11. O-O-O Ng6 12. Bg3 Ngxe5 13. Bb3 O-O 14.
Rhe1 Rad8 15. Nxe4 Rxd1+ 16. Kxd1 Rd8+ 17. Kc1 Re8 18. f3 Nd4 19. Nf2 Nxb3+ 20.
axb3 f6 21. f4 1-0

[Event "Europe-Echecs Blitz Open"]
[Site "Europe-Echecs INT"]
[Date "2020.11.08"]
[Round "9"]
[White "Rychener, H."]
[Black "Dubois, Mart"]
[Result "1-0"]
[WhiteElo "2077"]
[BlackElo "1780"]
[PlyCount "137"]
[EventDate "2020.11.08"]
[EventType "blitz"]
[SourceTitle "The Week in Chess 1359"]
[Source "Mark Crowther"]
[SourceDate "2020.11.23"]
[SourceVersion "1"]
[SourceVersionDate "2020.11.23"]
[SourceQuality "2"]

1. e4 e5 2. Nf3 d5 3. Nxe5 Bd6 4. d4 dxe4 5. Bc4 Bxe5 6. dxe5 Qxd1+ 7. Kxd1 Nc6
8. c3 Nxe5 9. Be2 Bf5 10. Be3 O-O-O+ 11. Kc2 Nf6 12. h3 Nd5 13. Bd4 e3+ 14. Kb3
Nd3 15. fxe3 f6 16. c4 Ne7 17. Na3 Nc6 18. Nb5 Nxd4+ 19. Nxd4 Nc5+ 20. Kc3 Ne4+
21. Kb3 Nc5+ 22. Kb4 Na6+ 23. Kc3 Bg6 24. b4 c5 25. bxc5 Nxc5 26. Bf3 Rhe8 27.
Rhe1 Na4+ 28. Kb4 Nb6 29. a4 Bd3 30. Rac1 Nd7 31. c5 a6 32. c6 bxc6 33. Bxc6
Kb8 34. Bf3 Rc8 35. Nc6+ Kc7 36. Ne5+ Kd8 37. Nxd3 Rb8+ 38. Ka3 Nb6 39. Red1
Rxe3 40. Ka2 Ke8 41. Nc5 Ke7 42. Re1 Rxe1 43. Rxe1+ Kd6 44. Nxa6 Nxa4 45. Rd1+
Ke5 46. Rd2 Ra8 47. Bxa8 Nc5 48. Nxc5 Kf4 49. Ne6+ Kg3 50. Nxg7 f5 51. Nxf5+
Kh2 52. g4+ Kxh3 53. g5 Kg4 54. Nd6 Kxg5 55. Rh2 h5 56. Kb2 h4 57. Kc3 h3 58.
Kd2 Kg4 59. Ke2 Kg3 60. Rh1 h2 61. Nf5+ Kg4 62. Ne3+ Kg3 63. Nf1+ Kh3 64. Rxh2+
Kg4 65. Rf2 Kh3 66. Ne3 Kh4 67. Kf3 Kh3 68. Kf4 Kh4 69. Rh2# 1-0

[Event "Speed Chess Super Swiss"]
[Site "chess.com INT"]
[Date "2020.10.03"]
[Round "1"]
[White "Estrada Nieto, J.."]
[Black "Mikhailovsky, Vladimir"]
[Result "0-1"]
[WhiteElo "2280"]
[BlackElo "2228"]
[PlyCount "110"]
[EventDate "2020.10.03"]
[EventType "swiss (blitz)"]
[EventRounds "15"]
[SourceTitle "Updates"]
[Source "OMCORR"]
[SourceDate "2020.11.02"]
[SourceVersion "1"]
[SourceVersionDate "2020.11.02"]
[SourceQuality "1"]

1. e4 e5 2. Nf3 d5 3. Nxe5 Bd6 4. d4 dxe4 5. Nc4 Nf6 6. Nc3 O-O 7. Be2 Nc6 8.
Bg5 h6 9. Bxf6 Qxf6 10. Nxe4 Qg6 11. Ng3 Rd8 12. c3 Ne7 13. O-O Nf5 14. Bd3
Bxg3 15. hxg3 Qf6 16. Re1 c5 17. dxc5 Be6 18. Qc2 Qg5 19. b4 h5 20. Ne5 Rac8
21. Rad1 b6 22. c6 h4 23. Nf3 Qf6 24. g4 Ne7 25. g5 Qf4 26. Re4 Qd6 27. Rd4 Qc7
28. b5 h3 29. Rh4 hxg2 30. Kxg2 Ng6 31. Bxg6 fxg6 32. Rxd8+ Rxd8 33. Qxg6 Qf7
34. Qh7+ Kf8 35. Ne5 Bd5+ 36. Kg3 Qe6 37. Rf4+ Ke7 38. Qxg7+ Kd6 39. c4 Rg8 40.
cxd5 Rxg7 41. dxe6 Kxe5 42. Kg4 Kxe6 43. Rf6+ Kd5 44. f4 Kc5 45. f5 Kxb5 46. g6
Re7 47. Rf7 Re4+ 48. Kg5 Re1 49. g7 Kxc6 50. Kf6 Rg1 51. Rf8 Rd1 52. g8=Q Rd6+
53. Kg5 Rd7 54. Rf6+ Kb7 55. Qe6 Rg7+ 0-1

[Event "Titled Tuesday 22nd Sept"]
[Site "chess.com INT"]
[Date "2020.09.22"]
[Round "7"]
[White "Baches Garcia, G.."]
[Black "Skatchkov, Valery"]
[Result "0-1"]
[WhiteElo "2329"]
[BlackElo "2242"]
[PlyCount "120"]
[EventDate "2020.09.22"]
[EventType "swiss (blitz)"]
[EventRounds "10"]
[SourceTitle "Updates"]
[Source "OMCORR"]
[SourceDate "2020.11.02"]
[SourceVersion "1"]
[SourceVersionDate "2020.11.02"]
[SourceQuality "1"]

1. e4 e5 2. Nf3 d5 3. d3 dxe4 4. dxe4 Qxd1+ 5. Kxd1 Nc6 6. Bd3 Bc5 7. Be3 Bxe3
8. fxe3 f6 9. Nbd2 Be6 10. a3 O-O-O 11. Ke2 Nh6 12. Bc4 Bxc4+ 13. Nxc4 Nf7 14.
Rhd1 h5 15. Rxd8+ Ncxd8 16. Rd1 Ne6 17. b4 Rh6 18. Kf2 g5 19. a4 g4 20. Nh4
Nfg5 21. Nd2 Rh7 22. Nf5 Rd7 23. Ke2 a5 24. c3 c6 25. Rf1 Rh7 26. Nd6+ Kd8 27.
bxa5 Rd7 28. N2c4 Ke7 29. Nc8+ Kf7 30. Nxe5+ Ke8 31. Nxd7 Kxd7 32. Nb6+ Ke7 33.
Kd3 Nc5+ 34. Kc4 Ngxe4 35. Rd1 f5 36. a6 Nxa6 37. a5 Nac5 38. Rb1 h4 39. Rb2
Kd6 40. Nc8+ Kd7 41. Nb6+ Kc7 42. Ra2 g3 43. hxg3 hxg3 44. Kd4 Kd6 45. Nc4+ Ke6
46. a6 Nb3+ 47. Kd3 bxa6 48. Kc2 Nbc5 49. Nd2 Nf2 50. Nf3 Ng4 51. Nd4+ Kd5 52.
Ra5 Nxe3+ 53. Kd2 Nc4+ 54. Ke2 Nxa5 55. Nxf5 Kc4 56. Nxg3 Kxc3 57. Nf5 Nc4 58.
g4 Ne5 59. g5 Ne6 60. Nd6 Nxg5 0-1

[Event "European Online Youth U18"]
[Site "Tornelo INT"]
[Date "2020.09.20"]
[Round "7.6"]
[White "Kamer, Kayra"]
[Black "Gadimbayli, Abdulla"]
[Result "0-1"]
[WhiteElo "2325"]
[BlackElo "2470"]
[PlyCount "122"]
[EventDate "2020.09.18"]
[EventType "swiss (rapid)"]
[EventRounds "9"]
[SourceTitle "The Week in Chess 1350"]
[Source "Mark Crowther"]
[SourceDate "2020.09.21"]
[SourceVersion "1"]
[SourceVersionDate "2020.09.21"]
[SourceQuality "2"]

1. e4 e5 2. Nf3 d5 3. exd5 e4 4. Qe2 Nf6 5. Nc3 Be7 6. Nxe4 O-O 7. d3 Nxd5 8.
Qd1 f5 9. Ng3 h5 10. Be2 h4 11. Nh5 Nc6 12. c4 Nf6 13. Nf4 Bb4+ 14. Bd2 Bxd2+
15. Qxd2 Re8 16. O-O-O Nd4 17. Nxd4 Qxd4 18. Bf3 Bd7 19. Rhe1 c6 20. Ng6 Kh7
21. Qg5 Rxe1 22. Rxe1 Qxd3 23. Ne5 Qd4 24. Qg6+ Kh8 25. Qf7 Be8 26. Ng6+ Kh7
27. Nf8+ Kh8 28. Qxg7+ Kxg7 29. Ne6+ Kg6 30. Nxd4 Bf7 31. b3 Rd8 32. Ne6 Bxe6
33. Rxe6 Rd7 34. h3 Kg5 35. Kc2 Rg7 36. Kc3 Nh5 37. Bxh5 Kxh5 38. Rf6 Kg5 39.
Rf8 Kf4 40. Rh8 Rxg2 41. Rxh4+ Kf3 42. Rh7 Rxf2 43. a4 Rh2 44. Rxb7 a5 45. Ra7
Rxh3 46. Rxa5 Ke4+ 47. Kb4 f4 48. Ra8 f3 49. Re8+ Kd3 50. Rf8 Ke2 51. a5 f2 52.
Re8+ Re3 53. Rf8 Rf3 54. Re8+ Kd2 55. a6 f1=Q 56. a7 Rxb3+ 57. Kxb3 Qb1+ 58.
Ka4 Qa2+ 59. Kb4 Qxa7 60. Re5 Qb6+ 61. Ka4 Kc3 0-1

[Event "European Online Youth U18"]
[Site "Tornelo INT"]
[Date "2020.09.19"]
[Round "5.14"]
[White "Damianou, Ioannis"]
[Black "Gadimbayli, Abdulla"]
[Result "0-1"]
[WhiteElo "2155"]
[BlackElo "2470"]
[PlyCount "50"]
[EventDate "2020.09.18"]
[EventType "swiss (rapid)"]
[EventRounds "9"]
[SourceTitle "The Week in Chess 1350"]
[Source "Mark Crowther"]
[SourceDate "2020.09.21"]
[SourceVersion "1"]
[SourceVersionDate "2020.09.21"]
[SourceQuality "2"]

1. e4 e5 2. Nf3 d5 3. Nxe5 Bd6 4. d4 dxe4 5. Nc3 Bxe5 6. dxe5 Qxd1+ 7. Kxd1 Nc6
8. Nxe4 Bf5 9. Bd3 Nge7 10. f4 Nb4 11. Ke2 O-O-O 12. h3 Rd4 13. Bd2 Bxe4 14.
Bc3 Bxd3+ 15. cxd3 Nf5 16. Bxd4 Nxd4+ 17. Kf2 Ne6 18. Ke3 Nc2+ 19. Ke4 Nxa1 20.
Rxa1 Rd8 21. Rd1 Rd4+ 22. Ke3 Rxf4 23. d4 c6 24. g3 Rf5 25. Ke4 Rf2 0-1

[Event "Titled Tuesday 15th Sept"]
[Site "chess.com INT"]
[Date "2020.09.15"]
[Round "8"]
[White "Gevorgyan, M.."]
[Black "Mikhailovsky, Vladimir"]
[Result "1-0"]
[WhiteElo "2228"]
[BlackElo "2228"]
[PlyCount "75"]
[EventDate "2020.09.15"]
[EventType "swiss (blitz)"]
[EventRounds "10"]
[SourceTitle "Updates"]
[Source "OMCORR"]
[SourceDate "2020.11.02"]
[SourceVersion "1"]
[SourceVersionDate "2020.11.02"]
[SourceQuality "1"]

1. e4 e5 2. Nf3 d5 3. Nxe5 Bd6 4. d4 dxe4 5. Nc4 Nf6 6. Bg5 O-O 7. Nc3 Re8 8.
Qd2 h6 9. Bh4 Nc6 10. O-O-O Be7 11. d5 Nb4 12. d6 cxd6 13. Nb5 d5 14. Bxf6 gxf6
15. Qxh6 f5 16. Kb1 Bg5 17. Qd6 dxc4 18. Nc7 Qxd6 19. Rxd6 Rd8 20. Rxd8+ Bxd8
21. Nxa8 b5 22. a4 Bb7 23. axb5 Bxa8 24. Bxc4 Bb6 25. Rd1 Kg7 26. Rd7 Bxf2 27.
Rxf7+ Kg6 28. Rf8 Bd5 29. Be2 f4 30. Rxf4 Be3 31. Rf8 Bc5 32. Rd8 Be6 33. h3
Kf5 34. Bg4+ Ke5 35. Re8 e3 36. Rxe6+ Kd4 37. c3+ Kd3 38. cxb4 1-0

[Event "Titled Tuesday 1st Sept"]
[Site "chess.com INT"]
[Date "2020.09.01"]
[Round "7"]
[White "Hernandez, Alex"]
[Black "Mikhailovsky, Vladimir"]
[Result "0-1"]
[WhiteElo "2132"]
[BlackElo "2228"]
[PlyCount "50"]
[EventDate "2020.09.01"]
[EventType "swiss (blitz)"]
[EventRounds "10"]
[SourceTitle "Updates"]
[Source "OMCORR"]
[SourceDate "2020.11.02"]
[SourceVersion "1"]
[SourceVersionDate "2020.11.02"]
[SourceQuality "1"]

1. e4 e5 2. Nf3 d5 3. d4 dxe4 4. Nxe5 Bd6 5. Nc3 Bxe5 6. dxe5 Qxd1+ 7. Kxd1 Bf5
8. Bc4 Nc6 9. Bf4 Nge7 10. e6 O-O-O+ 11. Ke2 Nd4+ 12. Kf1 fxe6 13. Rc1 Rhf8 14.
Be5 e3 15. f3 Nxc2 16. g4 Bxg4 17. Rxc2 Bxf3 18. Bxe6+ Kb8 19. Bxg7 Bxh1+ 20.
Bxf8 Rxf8+ 21. Kg1 Bf3 22. Ne2 Nc6 23. Rc3 Re8 24. Rxe3 Bg4 25. Nf4 Nd4 0-1

[Event "Titled Tuesday 1st Sept"]
[Site "chess.com INT"]
[Date "2020.09.01"]
[Round "1"]
[White "Garic, R.."]
[Black "Mikhailovsky, Vladimir"]
[Result "1-0"]
[WhiteElo "2244"]
[BlackElo "2228"]
[PlyCount "75"]
[EventDate "2020.09.01"]
[EventType "swiss (blitz)"]
[EventRounds "10"]
[SourceTitle "Updates"]
[Source "OMCORR"]
[SourceDate "2020.11.02"]
[SourceVersion "1"]
[SourceVersionDate "2020.11.02"]
[SourceQuality "1"]

1. e4 e5 2. Nf3 d5 3. Nc3 dxe4 4. Nxe4 Nf6 5. Nxf6+ Qxf6 6. Bc4 Bd6 7. O-O O-O
8. Re1 Nc6 9. d3 Bg4 10. Bd5 Nd4 11. Bxb7 c6 12. Bg5 Nxf3+ 13. Qxf3 Qxg5 14.
Qxc6 Rab8 15. Qxd6 Rxb7 16. Rxe5 Qg6 17. Qxg6 hxg6 18. f3 Be6 19. b3 Rc8 20. c4
Rd7 21. Rd1 Rcd8 22. Re3 Bf5 23. g4 Bxd3 24. Kf2 g5 25. Re5 f6 26. Ra5 Re8 27.
Rd2 Kf7 28. c5 Rc8 29. b4 Rcc7 30. Ke3 Bc4 31. Rd4 Re7+ 32. Kd2 Be2 33. Ra3 Bb5
34. Re3 Rxe3 35. Kxe3 Ke6 36. Rd6+ Ke5 37. h4 gxh4 38. f4# 1-0

[Event "Titled Tue 18th Aug"]
[Site "chess.com INT"]
[Date "2020.08.18"]
[Round "8"]
[White "Griffith, Kyron"]
[Black "Mikhailovsky, Vladimir"]
[Result "0-1"]
[WhiteElo "2346"]
[BlackElo "2228"]
[PlyCount "66"]
[EventDate "2020.08.18"]
[EventType "swiss (blitz)"]
[EventRounds "10"]
[SourceTitle "The Week in Chess 1346"]
[Source "Mark Crowther"]
[SourceDate "2020.08.24"]
[SourceVersion "1"]
[SourceVersionDate "2020.08.24"]
[SourceQuality "2"]

1. e4 e5 2. Nf3 d5 3. d4 dxe4 4. Nxe5 Bd6 5. Nc4 Nf6 6. Nc3 O-O 7. Be3 Nc6 8.
Be2 Re8 9. Nxd6 Qxd6 10. Qd2 Bf5 11. h3 a6 12. g4 Bg6 13. h4 h5 14. O-O-O hxg4
15. h5 Nxh5 16. Bxg4 Nf6 17. Rdg1 Ne7 18. Bf4 Qc6 19. Be5 Ned5 20. Nxd5 Qxd5
21. Bxf6 gxf6 22. Kb1 Kf8 23. Bh5 Bxh5 24. Qh6+ Ke7 25. Rxh5 Qxd4 26. Qf4 Rad8
27. a3 Rd6 28. Rh7 Qd5 29. Re1 Kd8 30. Rh6 Qe5 31. Qe3 Kc8 32. Qa7 Rb6 33. Rh7
Qxb2# 0-1

[Event "Online Olym Div3 A 2020"]
[Site "chess.com INT"]
[Date "2020.08.07"]
[Round "2.1"]
[White "Tuzi, Bruna"]
[Black "Dubois, Mart"]
[Result "1-0"]
[WhiteElo "1971"]
[BlackElo "1802"]
[PlyCount "129"]
[EventDate "2020.08.07"]
[EventType "team (rapid)"]
[EventRounds "9"]
[SourceTitle "The Week in Chess 1344"]
[Source "Mark Crowther"]
[SourceDate "2020.08.10"]
[SourceVersion "1"]
[SourceVersionDate "2020.08.10"]
[SourceQuality "2"]
[WhiteTeam "Albania"]
[BlackTeam "Monaco"]
[WhiteTeamCountry "ALB"]
[BlackTeamCountry "MNC"]

1. e4 e5 2. Nf3 d5 3. exd5 e4 4. Ng1 Qxd5 5. Nc3 Qe5 6. Be2 Nf6 7. d3 Bb4 8. d4
Qe7 9. Be3 O-O 10. Bc4 Bxc3+ 11. bxc3 Bg4 12. Qb1 c6 13. Ne2 b5 14. Bb3 Nbd7
15. a4 a6 16. Ng3 Nb6 17. h3 Bd7 18. Qc1 bxa4 19. Bxa4 Nxa4 20. Rxa4 c5 21. Ra2
Bb5 22. Qa3 Nd5 23. Qc1 Nxc3 24. Ra3 cxd4 25. Bxd4 Nd5 26. c4 Bxc4 27. Nf5 Qb4+
28. Rc3 Nxc3 29. Bxc3 Qb7 30. Bxg7 f6 31. Qxc4+ Qf7 32. Qe2 Rfc8 33. O-O Rc5
34. Nh6+ Kxg7 35. Nxf7 Kxf7 36. Qxe4 Re8 37. Qxh7+ Ke6 38. Qe4+ Re5 39. Qc6+
Kf7 40. Qxa6 R8e6 41. Rb1 Kg6 42. Qd3+ f5 43. Qg3+ Kf6 44. Rb7 Re7 45. Rxe7
Rxe7 46. Qd6+ Re6 47. Qd4+ Kg6 48. g3 Rf6 49. Kg2 Kg5 50. f4+ Kg6 51. g4 fxg4
52. hxg4 Kf7 53. Kg3 Re6 54. Qd7+ Re7 55. Qd5+ Kg7 56. f5 Rf7 57. g5 Rf8 58.
Kg4 Kh8 59. Qe5+ Kg8 60. Qe6+ Kg7 61. Qh6+ Kg8 62. g6 Rxf5 63. Qh7+ Kf8 64.
Kxf5 Ke8 65. g7 1-0

[Event "Titled Tue 4th Aug 10am"]
[Site "chess.com INT"]
[Date "2020.08.04"]
[Round "7"]
[White "Wiewiora, E.."]
[Black "Gadimbayli, Abdulla"]
[Result "0-1"]
[WhiteElo "2346"]
[BlackElo "2470"]
[PlyCount "98"]
[EventDate "2020.08.04"]
[EventType "swiss (blitz)"]
[EventRounds "10"]
[SourceTitle "Updates"]
[Source "OMCORR"]
[SourceDate "2020.11.02"]
[SourceVersion "1"]
[SourceVersionDate "2020.11.02"]
[SourceQuality "1"]

1. e4 e5 2. Nf3 d5 3. Nxe5 Bd6 4. d4 dxe4 5. Nc3 Bxe5 6. dxe5 Qxd1+ 7. Nxd1 Nc6
8. Bf4 Nge7 9. Nc3 Ng6 10. Bg3 Bf5 11. e6 Bxe6 12. Bxc7 f5 13. O-O-O Rc8 14.
Bd6 Kf7 15. Bb5 a6 16. Ba4 Na5 17. Bb3 Nxb3+ 18. axb3 Rhd8 19. Rd2 Nh4 20. Rg1
g5 21. Rdd1 Rd7 22. g4 Nf3 23. Rh1 Rcd8 24. gxf5 Bxf5 25. Bg3 h5 26. Rxd7+ Rxd7
27. Rd1 Rxd1+ 28. Nxd1 h4 29. Bb8 Ke6 30. Ne3 Bg6 31. b4 Bh5 32. b3 Nd4 33. Kb2
Nc6 34. Bc7 Kd7 35. Bb6 Nxb4 36. Kc3 Nc6 37. Kc4 Ke6 38. Bc7 Kd7 39. Bb6 Ne5+
40. Kd5 Nf3 41. Kxe4 Nxh2 42. Kf5 Nf3 43. Nd5 h3 44. Nf6+ Kc6 45. Nxh5 h2 46.
Ng3 Kxb6 47. c3 Nd2 48. b4 Kb5 49. Kxg5 Ne4+ 0-1

[Event "Titled Tue 4th Aug 10am"]
[Site "chess.com INT"]
[Date "2020.08.04"]
[Round "4"]
[White "Sliwicki, D.."]
[Black "Christensen, Thom2"]
[Result "1-0"]
[WhiteElo "2145"]
[BlackElo "2142"]
[PlyCount "29"]
[EventDate "2020.08.04"]
[EventType "swiss (blitz)"]
[EventRounds "10"]
[SourceTitle "Updates"]
[Source "OMCORR"]
[SourceDate "2020.11.02"]
[SourceVersion "1"]
[SourceVersionDate "2020.11.02"]
[SourceQuality "1"]

1. e4 e5 2. Nf3 d5 3. Nxe5 Bd6 4. d4 dxe4 5. Nc4 Ne7 6. Nc3 f5 7. Nxd6+ cxd6 8.
Bg5 O-O 9. Bc4+ Kh8 10. Nd5 Nbc6 11. Qh5 Qa5+ 12. b4 Nxb4 13. Nxe7 Nd5+ 14. Bd2
Qc7 15. Ng6+ 1-0

[Event "Titled Tue 4th Aug 10am"]
[Site "chess.com INT"]
[Date "2020.08.04"]
[Round "4"]
[White "Shubin, Kirill"]
[Black "Gadimbayli, Abdulla"]
[Result "1/2-1/2"]
[WhiteElo "2429"]
[BlackElo "2470"]
[PlyCount "95"]
[EventDate "2020.08.04"]
[EventType "swiss (blitz)"]
[EventRounds "10"]
[SourceTitle "The Week in Chess 1344"]
[Source "Mark Crowther"]
[SourceDate "2020.08.10"]
[SourceVersion "1"]
[SourceVersionDate "2020.08.10"]
[SourceQuality "2"]

1. e4 e5 2. Nf3 d5 3. exd5 e4 4. Qe2 Nf6 5. Nc3 Be7 6. Nxe4 O-O 7. Nxf6+ Bxf6
8. Qd1 Qxd5 9. Be2 Nc6 10. h3 Bf5 11. O-O Rfe8 12. d3 Rad8 13. Bf4 Bxb2 14. Rb1
Qxa2 15. Bxc7 Rc8 16. Bf4 Nb4 17. c4 Bc3 18. Be5 Bxe5 19. Rxb4 Bb8 20. Nd4 Bg6
21. Rxb7 Qa6 22. Rb5 Rcd8 23. Nf3 Qf6 24. Re1 h6 25. Bf1 Rxe1 26. Qxe1 Bc7 27.
d4 a6 28. Rb3 a5 29. d5 a4 30. Rb7 Bd6 31. Qa5 a3 32. c5 a2 33. Qxa2 Bxc5 34.
Qc4 Bd6 35. Ra7 Kh7 36. Ra6 Qe7 37. Rc6 Rb8 38. Bd3 f5 39. g3 Rf8 40. Kg2 Rf6
41. Nh4 Qe5 42. Nxg6 Rxg6 43. Kf1 Rf6 44. Kg2 Kh8 45. Rc8+ Kh7 46. Rc6 Kh8 47.
Rc8+ Kh7 48. Rc6 1/2-1/2

[Event "Titled Tue 4th Aug 10am"]
[Site "chess.com INT"]
[Date "2020.08.04"]
[Round "1"]
[White "Hollan, Petr"]
[Black "Gadimbayli, Abdulla"]
[Result "0-1"]
[WhiteElo "2317"]
[BlackElo "2470"]
[PlyCount "114"]
[EventDate "2020.08.04"]
[EventType "swiss (blitz)"]
[EventRounds "10"]
[SourceTitle "The Week in Chess 1344"]
[Source "Mark Crowther"]
[SourceDate "2020.08.10"]
[SourceVersion "1"]
[SourceVersionDate "2020.08.10"]
[SourceQuality "2"]

1. e4 e5 2. Nf3 d5 3. exd5 e4 4. Qe2 Nf6 5. Nc3 Be7 6. Nxe4 O-O 7. Nxf6+ Bxf6
8. Qd1 Qxd5 9. Be2 Nc6 10. O-O Bf5 11. d3 Rfe8 12. Re1 Rad8 13. a3 Re7 14. Rb1
Rde8 15. Bd2 Bg4 16. Be3 Qa2 17. Qc1 h6 18. h3 Bh5 19. Nh2 Bxe2 20. Rxe2 Nd4
21. Re1 Bg5 22. Nf1 Nf5 23. Qd2 Nxe3 24. Nxe3 Rxe3 25. fxe3 Bxe3+ 26. Rxe3
Qxb1+ 27. Kh2 Rxe3 28. Qxe3 Qxb2 29. Qe8+ Kh7 30. Qxf7 Qxa3 31. Qf5+ Kg8 32.
Qc8+ Kf7 33. Qxb7 Qd6+ 34. Kh1 Qc5 35. Qf3+ Ke7 36. Qe4+ Kd7 37. Qg4+ Kc6 38.
Qxg7 a5 39. Qxh6+ Kb5 40. Qd2 a4 41. c4+ Kb6 42. Qa2 a3 43. Qb3+ Ka5 44. Qb7
Qb6 45. Qd5+ Kb4 46. c5 Qxc5 47. Qb7+ Kc3 48. Qb1 Qb4 49. Qc1+ Kb3 50. Qxc7 a2
51. Qc1 Qc3 52. Qd1+ Qc2 53. Qg4 a1=Q+ 54. Kh2 Qe5+ 55. Kg1 Qc1+ 56. Kf2 Qce1+
57. Kf3 Q1e3# 0-1

[Event "Titled Tue 21st Jul Final"]
[Site "chess.com INT"]
[Date "2020.07.21"]
[Round "1.1"]
[White "Abdusattorov, Nodirbek"]
[Black "Gadimbayli, Abdulla"]
[Result "1-0"]
[WhiteElo "2627"]
[BlackElo "2470"]
[PlyCount "111"]
[EventDate "2020.07.21"]
[EventType "k.o. (blitz)"]
[EventRounds "3"]
[SourceTitle "The Week in Chess 1342"]
[Source "Mark Crowther"]
[SourceDate "2020.07.27"]
[SourceVersion "1"]
[SourceVersionDate "2020.07.27"]
[SourceQuality "2"]

1. e4 e5 2. Nf3 d5 3. Nxe5 Bd6 4. d4 dxe4 5. Be2 Bxe5 6. dxe5 Qxd1+ 7. Bxd1 Nc6
8. Nc3 Bf5 9. Bf4 Nge7 10. g4 Bg6 11. h4 h5 12. gxh5 Bxh5 13. Nxe4 Ng6 14. Bg3
Ngxe5 15. Bxh5 Rxh5 16. O-O-O Kf8 17. Rhe1 Re8 18. Nc5 b6 19. Na6 Re7 20. f4
Ng4 21. Rxe7 Kxe7 22. Nxc7 Nf6 23. c4 Ne4 24. Nd5+ Kf8 25. Be1 Rh6 26. Rd3 Re6
27. Kd1 Nc5 28. Rd2 Ne4 29. Rg2 Nc5 30. h5 f6 31. h6 gxh6 32. Rg6 f5 33. Rg2
Ne4 34. b4 Ne7 35. Ne3 Kf7 36. Bh4 Rg6 37. Rh2 Rg1+ 38. Kc2 Ng6 39. Nxf5 Nxf4
40. Bf2 Nxf2 41. Rxf2 Rg2 42. Rxg2 Nxg2 43. Nxh6+ Ke6 44. Ng4 Kf5 45. Nf2 Ke5
46. Kc3 Kf4 47. Kd4 Ne1 48. Nd3+ Nxd3 49. Kxd3 Ke5 50. Ke3 Kd6 51. Kd4 Kc6 52.
Ke5 a5 53. a3 axb4 54. axb4 Kc7 55. b5 Kd7 56. Kd5 1-0

[Event "33rd Leon Blitz Open 2020"]
[Site "chess.com INT"]
[Date "2020.07.14"]
[Round "10"]
[White "Aliavdin, N.."]
[Black "Christensen, Thom2"]
[Result "0-1"]
[WhiteElo "2315"]
[BlackElo "2143"]
[PlyCount "36"]
[EventDate "2020.07.14"]
[EventType "swiss (blitz)"]
[EventRounds "10"]
[SourceTitle "Updates"]
[Source "OMCORR"]
[SourceDate "2020.11.02"]
[SourceVersion "1"]
[SourceVersionDate "2020.11.02"]
[SourceQuality "1"]

1. e4 e5 2. Nf3 d5 3. exd5 e4 4. Qe2 Nf6 5. d3 Qxd5 6. dxe4 Qxe4 7. Be3 Bg4 8.
Nbd2 Qxc2 9. Bxa7+ Be6 10. Qb5+ Qc6 11. Bxb8 Rxb8 12. Qxc6+ bxc6 13. b3 Bb4 14.
Rc1 Ra8 15. Bc4 Rxa2 16. Bxe6 fxe6 17. Ke2 Ne4 18. Ke3 Nxd2 0-1

[Event "Ceske Budejovice Open"]
[Site "Ceske Budejovice CZE"]
[Date "2020.07.07"]
[Round "7.30"]
[White "Ruiz Buendia, Miguel"]
[Black "Vilimek, Vit"]
[Result "1-0"]
[WhiteElo "2006"]
[BlackElo "1680"]
[PlyCount "63"]
[EventDate "2020.07.01"]
[EventType "swiss"]
[EventRounds "9"]
[EventCountry "CZE"]
[SourceTitle "The Week in Chess 1340"]
[Source "Mark Crowther"]
[SourceDate "2020.07.13"]
[SourceVersion "1"]
[SourceVersionDate "2020.07.13"]
[SourceQuality "2"]

1. e4 e5 2. Nf3 d5 3. d4 exd4 4. Qxd4 Nc6 5. Bb5 Bd7 6. Qxd5 Nf6 7. Qd3 Nb4 8.
Bxd7+ Qxd7 9. Qe2 Qa4 10. Na3 O-O-O 11. Bg5 Be7 12. O-O Rhe8 13. Rfd1 Rxd1+ 14.
Rxd1 Nc6 15. Nc4 Nd7 16. b3 Qb4 17. Qd3 Ncb8 18. c3 Qc5 19. Be3 Qc6 20. Bxa7
Rd8 21. Nd4 Qa6 22. Nf5 Nc6 23. Nxe7+ Nxe7 24. Bc5 Nc6 25. Qh3 Qxa2 26. Ne3 Kb8
27. Rxd7 Qb1+ 28. Nf1 Re8 29. Rxf7 Qxb3 30. Rf8 Rxf8 31. Bxf8 Qxc3 32. Qxc3 1-0